Electrochemical genosensor based on colloidal gold nanoparticles for the detection of factor V Leiden mutation using disposable pencil graphite electrodes /
Gorde:
| Beste egile batzuk: | , , , , , , , |
|---|---|
| Formatua: | Artikulua |
| Hizkuntza: | English |
| Gaiak: | |
| Etiketak: |
Etiketa erantsi
Etiketarik gabe, Izan zaitez lehena erregistro honi etiketa jartzen!
|
| Thư viện lưu trữ: | Thư viện Trường Đại học Đà Lạt |
|---|
| LEADER | 01155nam a2200373 4500 | ||
|---|---|---|---|
| 001 | DLU090097006 | ||
| 005 | ##20091201 | ||
| 040 | # | # | |a DLU |b eng |
| 041 | # | # | |a eng |
| 044 | # | # | |a us |
| 245 | # | # | |a Electrochemical genosensor based on colloidal gold nanoparticles for the detection of factor V Leiden mutation using disposable pencil graphite electrodes / |c Mehmet Ozsoz ... [et al.]. |
| 653 | # | # | |a Analytical chemistry |
| 653 | # | # | |a Electrochemistry |
| 653 | # | # | |a Factor V Leiden |
| 653 | # | # | |a Molecular biology |
| 653 | # | # | |a Mutation |
| 700 | # | # | |a Ekren, Hayati. |
| 700 | # | # | |a Erdem, Arzum. |
| 700 | # | # | |a Kerman, Kagan. |
| 700 | # | # | |a Ozkan, Dilsat. |
| 700 | # | # | |a Ozsoz, Mehmet. |
| 700 | # | # | |a Taylan, Muzaffer. |
| 700 | # | # | |a Topcuoglu, Nejat. |
| 700 | # | # | |a Tugrul, Berrin. |
| 773 | # | # | |t Analytical Chemistry |g Vol. 75, no. 9 (May 2003), p. 2181-2187 |
| 920 | # | # | |a Phòng Tạp chí -- Trung tâm Thông tin - Thư viện Trường Đại học Đà Lạt |
| 994 | # | # | |a DLU |
| 900 | # | # | |a True |
| 911 | # | # | |a Trương Bảo Trâm Anh |
| 925 | # | # | |a G |
| 926 | # | # | |a A |
| 927 | # | # | |a BB |
| 980 | # | # | |a Thư viện Trường Đại học Đà Lạt |